[Event "2022 WA Reserves Championship"]
[Site "Leeming, Perth WA"]
[Date "2022.06.12"]
[Round "4"]
[White "Gulley, Trent"]
[Black "Roebuck, Derek"]
[Result "1-0"]
[WhiteElo "1492"]
[BlackElo "1769"]
[EventDate "2022.05.15"]

1.d4 d5 2.c4 Bf5 3.cxd5 Nf6 4.Nf3 Nxd5 5.Nbd2 Nf6 6.g3 e6 7.Bg2 c6 8.Qb3 
Qb6 9.O-O Nbd7 10.Nc4 Qxb3 11.axb3 Bb4 12.Bd2 Bxd2 13.Nd6+ Ke7 14.Nxf5+ 
exf5 15.Nxd2 Nb6 16.Nc4 Ne4 17.Na5 Rab8 18.Nc4 Nxc4 19.bxc4 a6 20.Bxe4 
fxe4 21.b4 Rhd8 22.e3 Kd6 23.Ra5 Rd7 24.Rc1 f6 25.g4 Rc7 26.Kg2 g6 27.Kg3 
Ke6 28.Kf4 Rg8 29.Rg1 Rcg7 30.Rg3 Rf7 31.Kxe4 f5+ 32.gxf5+ gxf5+ 33.Rxf5 
Rxf5 34.Rxg8 Rxf2 35.Rg7 Rxh2 36.Rxb7 h5 37.Rb6 Kd7 38.Rxa6 h4 39.Ke5 h3 
40.Ra7+ Kc8 41.Rh7 Rh1 42.Kd6 h2 43.Kxc6 Kd8 44.c5 1-0

[Event "2022 WA Reserves Championship"]
[Site "Leeming, Perth WA"]
[Date "2022.06.12"]
[Round "4"]
[White "Rafiei Darani, Daryoush"]
[Black "Clarke, Daniel"]
[Result "0-1"]
[WhiteElo "1527"]
[BlackElo "1739"]
[EventDate "2022.05.15"]

1.e4 e5 2.Nf3 Nc6 3.Bb5 a6 4.Ba4 Nf6 5.d3 b5 6.Bb3 Be7 7.Bd5 Nxd5 8.exd5 
Nb4 9.Nxe5 d6 10.Nc6 Nxc6 11.dxc6 d5 12.Qf3 Qd6 13.Nc3 Qe6+ 14.Kf1 Qxc6 
15.Qxd5 Bb7 16.Qxc6+ Bxc6 17.Bf4 O-O-O 18.Ne4 h6 19.f3 f5 20.Nf2 Bf6 21.c3
Rhe8 22.Re1 Rxe1+ 23.Kxe1 b4 24.Kd2 Re8 25.Rc1 bxc3+ 26.bxc3 g5 27.Be3 g4 
28.fxg4 Rxe3 29.Kxe3 Bg5+ 30.Kd4 Bxc1 31.gxf5 Bxg2 32.f6 Kd7 33.Ke5 Bb2 
34.Nd1 Ba3 35.Ne3 Bh3 36.Nd5 Bd6+ 37.Kd4 c5+ 38.Ke3 Bxh2 39.d4 cxd4+ 40.
cxd4 Bg1+ 41.Kd3 Bf5+ 42.Kc3 Be6 43.Nb6+ Kc6 44.d5+ Bxd5 45.Na4 h5 46.Nb2 
Bh2 47.Kd4 Kd6 48.Nd3 Bg1+ 49.Kc3 Be3 50.Nb4 a5 51.Nc2 Bg5 52.Kd3 Bxa2 53.
Nd4 Bxf6 0-1

[Event "2022 WA Reserves Championship"]
[Site "Leeming, Perth WA"]
[Date "2022.06.12"]
[Round "4"]
[White "King, David"]
[Black "Teh, Rui Gen"]
[Result "1-0"]
[WhiteElo "1840"]
[BlackElo "1675"]
[EventDate "2022.05.15"]

1.e4 c5 2.Nf3 g6 3.d4 cxd4 4.Nxd4 Nc6 5.Nc3 Bg7 6.Be3 Nf6 7.Bc4 Qa5 8.O-O 
O-O 9.Bb3 d6 10.Nd5 Re8 11.Nxf6+ Bxf6 12.c3 Bd7 13.f4 Rac8 14.Ne2 Qh5 15.
Qd2 Red8 16.f5 Be5 17.Bf4 gxf5 18.Ng3 Bxf4 19.Rxf4 Qg6 20.Nxf5 Kh8 21.Raf1
f6 22.R1f3 Bxf5 23.exf5 Qh6 24.Rh3 Qg5 25.Be6 Rg8 26.Bxc8 Rxc8 27.Qf2 Ne5 
28.Rfh4 Nf7 29.Rxh7+ Kg8 30.Rg3 Kxh7 31.Rxg5 Nxg5 32.Qxa7 Rc7 33.Qb8 Rc5 
34.Qxb7 Re5 35.a4 Ne4 36.a5 Nc5 37.Qa7 Re1+ 38.Kf2 Nd3+ 39.Kg3 Re2 40.b4 
Ne1 41.a6 Rxg2+ 42.Kh3 Rg7 43.Qe3 Ng2 44.Qf2 e5 45.Qxg2 1-0

[Event "2022 WA Reserves Championship"]
[Site "Leeming, Perth WA"]
[Date "2022.06.12"]
[Round "4"]
[White "Plaganyi, Gyula"]
[Black "Koh, Shannon"]
[Result "1-0"]
[WhiteElo "1843"]
[BlackElo "1800"]
[EventDate "2022.05.15"]

1.e4 c6 2.d4 d5 3.e5 Bf5 4.g4 Be4 5.f3 Bg6 6.h4 h5 7.e6 fxe6 8.Bd3 Bf7 9.
g5 g6 10.f4 e5 11.fxe5 e6 12.Qf3 Ne7 13.Qf6 Rg8 14.Ne2 Nf5 15.Qxd8+ Kxd8 
16.Bxf5 exf5 17.Be3 c5 18.c3 Nc6 19.Nf4 Kd7 20.Nd2 cxd4 21.cxd4 Nb4 22.Ke2
Na6 23.Rhc1 Be7 24.a3 Rac8 25.b4 Nc7 26.Nb3 b6 27.Bd2 Ne6 28.Nxe6 Bxe6 29.
a4 Rc4 30.b5 Rgc8 31.a5 Rxc1 32.Nxc1 Bd8 33.Nd3 Rc4 34.Ke3 f4+ 35.Nxf4 Bf7
36.a6 Be7 37.Rc1 Ra4 38.Rc6 Ra3+ 39.Ke2 Ra2 40.Kd3 Ra3+ 41.Rc3 Ra1 42.Rc1 
Ra3+ 43.Ke2 Ra2 44.Nd3 Be6 45.Ke3 Bf5 46.Nf4 Be4 47.Ne2 Ra3+ 48.Rc3 Ra1 
49.Bc1 Rb1 50.Ng3 Bb4 51.Nxe4 Bxc3 52.Nxc3 Rxc1 53.Nxd5 Ke6 54.Ke4 Rh1 55.
Nf4+ Kf7 56.e6+ Kg7 57.d5 Re1+ 58.Kd4 Kf8 59.Nxg6+ Ke8 60.Nf4 Rh1 61.Ng6 
Re1 62.Ne5 Ke7 63.Nc6+ Kd6 64.e7 Rd1+ 65.Ke4 Re1+ 66.Kf5 Rf1+ 67.Kg6 Re1 
68.Kxh5 Kxd5 69.g6 Kc5 70.g7 Kxb5 71.g8=Q 1-0

[Event "2022 WA Reserves Championship"]
[Site "Leeming, Perth WA"]
[Date "2022.06.12"]
[Round "4"]
[White "Gunawan, Tjermin"]
[Black "Barry, David"]
[Result "1-0"]
[WhiteElo "1764"]
[BlackElo "1820"]
[EventDate "2022.05.15"]

1.d4 Nf6 2.Nf3 d5 3.e3 c5 4.Be2 Bf5 5.dxc5 Qa5+ 6.Nbd2 Qxc5 7.c4 dxc4 8.
Nxc4 Nc6 9.a3 Rd8 10.Bd2 b5 11.b4 Qd5 12.e4 Qxe4 13.Ne3 a6 14.Rc1 Ne5 15.
Nxe5 Qxe5 16.Rc5 Nd5 17.Qc1 e6 18.Rc8 Qd6 19.Rc6 Qd7 20.Nxd5 exd5 21.Rc7 
Rc8 22.Bf4 Rxc7 23.Bxc7 Bd6 24.Bxd6 Qxd6 25.Qe3+ Be6 26.O-O O-O 27.f4 Re8 
28.Qd4 Bf5 29.Bf3 Be4 30.Bd1 Rc8 31.Bb3 Qg6 32.g3 h5 33.Bxd5 Bxd5 34.Qxd5 
h4 35.Qd7 Rc3 36.Qd8+ Kh7 37.Qxh4+ Qh6 38.Qxh6+ Kxh6 39.Ra1 Kh5 40.Kg2 f5 
41.Ra2 g5 42.fxg5 Kxg5 43.h3 f4 44.gxf4+ Kxf4 45.Rf2+ Kg5 46.Rf3 Rc2+ 47.
Kg3 Rc4 48.Rd3 Rc6 49.h4+ Kh6 50.Rf3 Kh5 51.Rd3 Rg6+ 52.Kh3 Kh6 53.Rd5 Rc6
54.Rc5 Rd6 55.Kg4 Kh7 56.Rc3 Rd4+ 57.Kg5 Rd5+ 58.Kf6 Rd6+ 59.Ke7 Rh6 60.
Rh3 Kg6 61.Kd7 Kf5 62.Kc7 Ke4 63.Kb7 Kd4 64.h5 Kc4 65.Kc7 Kd5 66.Kd7 Rh7+ 
67.Ke8 Ke6 68.Kf8 Kf6 69.Ke8 Ke6 70.Kd8 Kd5 71.Rc3 Kd6 72.Kc8 Rg7 73.h6 
Rh7 74.Rh3 Rh8+ 75.Kb7 Rh7+ 76.Kxa6 Kc6 77.Rc3+ Kd7 78.Kxb5 Rxh6 79.Rc5 
Rh8 80.a4 Rb8+ 81.Kc4 Kd6 82.Rg5 Rc8+ 83.Kb3 Rh8 84.b5 Kc7 85.Kb4 Kb7 86.
a5 Rh4+ 87.Kc5 Rh8 88.Rg7+ Kb8 89.a6 Rh5+ 90.Kb6 Rh6+ 91.Ka5 Rh8 92.a7+ 
Ka8 93.Ka6 Rh6+ 94.Ka5 Ra6+ 95.Kb4 Rxa7 96.Rg8+ Kb7 97.Kc5 Ra1 98.Rg7+ Kc8
99.Kb6 Rb1 100.Rg5 Rh1 101.Rg8+ Kd7 102.Kb7 Rb1 103.b6 Rb2 104.Rg6 Rb1 
105.Kb8 Rb2 106.b7 Rb1 107.Ka7 Ra1+ 108.Ra6 Rxa6+ 109.Kxa6 Kc7 110.Ka7 1-0

[Event "2022 WA Reserves Championship"]
[Site "Leeming, Perth WA"]
[Date "2022.06.19"]
[Round "5"]
[White "Bonneville, Adam"]
[Black "Sheridan, Wallace"]
[Result "1-0"]
[WhiteElo "1084"]
[BlackElo "1663"]
[EventDate "2022.05.15"]

1.e4 d6 2.d4 Nf6 3.Nc3 e5 4.dxe5 dxe5 5.Qxd8+ Kxd8 6.Nf3 Bd6 7.Bc4 Ke7 8.
Bg5 a6 9.Nh4 Bb4 10.O-O Bxc3 11.bxc3 h6 12.Bxf6+ gxf6 13.a4 Be6 14.Bxe6 
fxe6 15.Ng6+ 1-0

[Event "2022 WA Reserves Championship"]
[Site "Leeming, Perth WA"]
[Date "2022.06.19"]
[Round "5"]
[White "Teh, Rui Gen"]
[Black "Gulley, Trent"]
[Result "1-0"]
[WhiteElo "1675"]
[BlackElo "1492"]
[EventDate "2022.05.15"]

1.d4 Nf6 2.Bf4 d5 3.Nf3 e6 4.e3 Bd6 5.Ne5 O-O 6.Nd2 c5 7.c3 Nc6 8.Bg3 Qc7 
9.f4 Nd7 10.Bd3 Re8 11.Bxh7+ Kf8 12.Bd3 Nf6 13.O-O b6 14.Ndf3 Ne4 15.Bxe4 
dxe4 16.Ng5 f6 17.Ng6+ Kg8 18.Qh5 fxg5 19.fxg5 a5 20.Qh8# 1-0

[Event "2022 WA Reserves Championship"]
[Site "Leeming, Perth WA"]
[Date "2022.06.19"]
[Round "5"]
[White "Ong, Celine"]
[Black "Rafiei Darani, Daryoush"]
[Result "1-0"]
[WhiteElo "1738"]
[BlackElo "1527"]
[EventDate "2022.05.15"]

1.e4 c6 2.d4 d5 3.exd5 cxd5 4.Bd3 Nc6 5.c3 g6 6.Bf4 f6 7.Nf3 Nh6 8.O-O Nf7
9.Re1 Bg7 10.c4 O-O 11.cxd5 Qxd5 12.Nc3 Qh5 13.d5 Nb4 14.Rxe7 Nxd5 15.Nxd5
Qxd5 16.Qc2 Bg4 17.Bc4 Qh5 18.Qb3 g5 19.Bg3 f5 20.Bxf7+ Rxf7 21.Nxg5 Qxg5 
22.Qxf7+ Kh8 23.Re8+ 1-0

[Event "2022 WA Reserves Championship"]
[Site "Leeming, Perth WA"]
[Date "2022.06.19"]
[Round "5"]
[White "Wu, Kobe"]
[Black "Chen, Angus"]
[Result "0-1"]
[WhiteElo "655"]
[BlackElo "1498"]
[EventDate "2022.05.15"]

1.e4 e5 2.Nf3 Nf6 3.d4 Nxe4 4.Bd3 d5 5.dxe5 Nc5 6.Be2 Bf5 7.O-O Be7 8.Be3 
O-O 9.c4 dxc4 10.Bxc4 Nc6 11.Nc3 Bd3 12.Bxc5 Bxc4 13.Qxd8 Rfxd8 14.Bxe7 
Nxe7 15.Rfd1 Nd5 16.Nxd5 Bxd5 17.b3 c6 18.h3 Re8 19.Re1 Kf8 20.Ng5 h6 21.
Nf3 Rad8 22.Rad1 Bxf3 23.Rxd8 Rxd8 24.gxf3 Rd2 25.a4 Ke7 26.f4 Rd4 27.f5 
Rf4 28.f6+ gxf6 29.Kg2 f5 30.Kg3 Rd4 31.Re3 f4+ 32.Kf3 fxe3 33.Kxe3 Rb4 
34.f3 Rxb3+ 35.Kf4 Rd3 36.Ke4 Rd8 37.f4 c5 38.Kf5 c4 39.Kg4 c3 40.Kh5 c2 
41.Kxh6 c1=Q 42.Kg5 Rg8+ 43.Kh6 Qg1 44.Kh5 Rh8# 0-1

[Event "2022 WA Reserves Championship"]
[Site "Leeming, Perth WA"]
[Date "2022.06.19"]
[Round "5"]
[White "Ramnat Umasankar, Naveen"]
[Black "Gough, Dylan"]
[Result "1/2-1/2"]
[WhiteElo "1618"]
[BlackElo "1670"]
[EventDate "2022.05.15"]

1.e4 e6 2.b3 d5 3.Bb2 dxe4 4.Nc3 Nf6 5.Qe2 Bb4 6.f3 Bxc3 7.Bxc3 exf3 8.
Nxf3 Qe7 9.g4 Rg8 10.g5 Nd5 11.Bb2 Nb4 12.Qe4 g6 13.a3 N4c6 14.Qh4 e5 15.
Qxh7 Rf8 16.O-O-O Bg4 17.Bg2 Nd7 18.Qh4 Be6 19.Rhe1 O-O-O 20.Nxe5 Ncxe5 
21.Bxe5 Nxe5 22.Rxe5 Qxa3+ 23.Kb1 Rd6 24.Qa4 Qxa4 25.bxa4 Ra6 26.a5 Rh8 
27.Rh1 Rh4 28.Kb2 Rd6 29.d3 c6 30.Kc3 Kd7 31.a6 b6 32.Re4 Rh5 33.h4 Bd5 
34.Re2 Bxg2 35.Rxg2 Rd5 36.Rf1 Rh7 37.Rgf2 Ke6 38.Rf6+ Ke7 39.Rxc6 Kd7 40.
Rcf6 1/2-1/2

[Event "2022 WA Reserves Championship"]
[Site "Leeming, Perth WA"]
[Date "2022.06.19"]
[Round "5"]
[White "Clarke, Daniel"]
[Black "King, David"]
[Result "1/2-1/2"]
[WhiteElo "1739"]
[BlackElo "1840"]
[EventDate "2022.05.15"]

1.e4 e5 2.Nf3 Nc6 3.d4 exd4 4.Nxd4 Bc5 5.Be3 Qf6 6.c3 Nge7 7.Bc4 b6 8.Qd2 
Bb7 9.f3 a6 10.O-O Ne5 11.Bb3 Qg6 12.Ne2 Bxe3+ 13.Qxe3 O-O 14.Na3 Rfe8 15.
Rad1 Rad8 16.Nc2 h6 17.Nf4 Qg5 18.Nd5 Qxe3+ 19.Ncxe3 Nxd5 20.Bxd5 Bxd5 21.
Nxd5 Rc8 1/2-1/2

[Event "2022 WA Reserves Championship"]
[Site "Leeming, Perth WA"]
[Date "2022.06.19"]
[Round "5"]
[White "Roebuck, Derek"]
[Black "Milovanovic, Stevica"]
[Result "1/2-1/2"]
[WhiteElo "1769"]
[BlackElo "1497"]
[EventDate "2022.05.15"]

1.e4 d6 2.d4 Nf6 3.Nc3 c6 4.f4 Qa5 5.Bd3 e5 6.dxe5 dxe5 7.fxe5 Ng4 8.Nf3 
Nxe5 9.Nxe5 Qxe5 10.Qf3 Bd6 11.Be3 Be6 12.Qf2 Qa5 13.O-O Nd7 14.a3 Qc7 15.
Bf4 Ne5 16.Be2 Qe7 17.b4 O-O 18.Be3 1/2-1/2

[Event "2022 WA Reserves Championship"]
[Site "Leeming, Perth WA"]
[Date "2022.06.19"]
[Round "5"]
[White "Barry, David"]
[Black "Deng, Eric"]
[Result "0-1"]
[WhiteElo "1820"]
[BlackElo "1603"]
[EventDate "2022.05.15"]

1.e4 e6 2.d4 d5 3.Nc3 dxe4 4.Nxe4 Nd7 5.Nf3 Ngf6 6.Bd3 c5 7.dxc5 Bxc5 8.
Nxc5 Nxc5 9.Bb5+ Bd7 10.Qe2 Qa5+ 11.Bd2 Qxb5 12.c4 Qc6 13.O-O O-O 14.b4 
Nce4 15.Ne5 Qd6 16.Bf4 Qe7 17.f3 Nd6 18.c5 Nb5 19.a4 Nc3 20.Qc4 Ncd5 21.
Bg5 Rfd8 22.Rfe1 h6 23.Bh4 Rac8 24.Ng4 b6 25.Re5 bxc5 26.b5 Nxg4 27.Bxe7 
Nxe5 28.Qe4 Nxf3+ 29.gxf3 Nxe7 30.Rc1 Nd5 31.Kf2 Nb6 32.Qb7 Nxa4 33.Rd1 
Rb8 34.Qxa7 Bxb5 35.Rxd8+ Rxd8 36.Qa5 Rb8 37.Qa7 Rf8 38.Qa5 Bc6 39.Ke3 Nb2
40.Qxc5 Bd5 41.f4 Nc4+ 42.Kf2 Rb8 43.Qe7 Rb2+ 44.Kg3 Rg2+ 45.Kh3 f5 46.
Qd8+ Kh7 47.Qh4 Rg4 48.Qf2 Bg2+ 0-1

[Event "2022 WA Reserves Championship"]
[Site "Leeming, Perth WA"]
[Date "2022.06.19"]
[Round "5"]
[White "Koh, Shannon"]
[Black "Simonds, Marcus"]
[Result "0-1"]
[WhiteElo "1800"]
[BlackElo "1701"]
[EventDate "2022.05.15"]

1.e4 e6 2.d4 d5 3.Nd2 dxe4 4.Nxe4 Nf6 5.Nxf6+ Qxf6 6.Bd3 Nd7 7.Nf3 h6 8.c3
Bd6 9.Be3 O-O 10.g4 Bf4 11.Qd2 Bxe3 12.Qxe3 Re8 13.O-O-O e5 14.d5 Qf4 15.
Qxf4 exf4 16.Rhe1 Rxe1 17.Rxe1 Kf8 18.c4 Nc5 19.Bc2 Bxg4 20.Ne5 Bh3 21.b4 
Nd7 22.Kd2 Re8 23.Nxd7+ Bxd7 24.Rxe8+ Kxe8 25.Kc3 Ke7 26.Kd4 g5 27.c5 Kf6 
28.Be4 Bf5 29.f3 Bc8 30.a4 Ke7 31.b5 f5 32.Bd3 g4 33.Ke5 g3 34.hxg3 fxg3 
35.Bf1 h5 36.Kf4 Kf6 37.Kxg3 Ke5 38.d6 cxd6 39.cxd6 Kxd6 40.Kh4 Ke5 41.Kg5
f4 42.Bd3 h4 43.Kxh4 b6 44.Be4 Be6 45.Kg5 Bb3 46.Bc6 Bxa4 47.Kg4 a6 0-1

[Event "2022 WA Reserves Championship"]
[Site "Leeming, Perth WA"]
[Date "2022.06.19"]
[Round "5"]
[White "Hernandez Mendez, Iker"]
[Black "Gunawan, Tjermin"]
[Result "1/2-1/2"]
[WhiteElo "1785"]
[BlackElo "1764"]
[EventDate "2022.05.15"]

1.e4 c6 2.d4 d5 3.exd5 cxd5 4.c4 Nf6 5.Nc3 Nc6 6.cxd5 Nxd5 7.h3 e6 8.a3 g6
9.Nf3 Bg7 10.Bd3 Bxd4 11.Nxd4 Nxd4 12.Bxg6 Nxc3 13.bxc3 hxg6 14.cxd4 Qd5 
15.O-O Bd7 16.Bb2 Bc6 17.Qg4 O-O-O 18.Rfe1 Rh4 19.Qg3 Re4 20.f3 Rxe1+ 21.
Rxe1 Qf5 22.Rc1 Rd5 23.Kh2 Qd3 24.Qf4 Qf5 25.Qh6 Kd7 26.Qe3 Qg5 27.Qxg5 
Rxg5 28.Rc5 Rd5 29.Kg3 b6 30.Rxd5+ Bxd5 31.Kf4 f6 32.h4 Ke7 33.g4 Kf7 34.
h5 Kg7 35.Bc1 b5 36.Bd2 a6 37.Kg3 e5 38.dxe5 fxe5 39.h6+ Kh7 40.g5 Bc6 41.
Kf2 e4 42.fxe4 Bxe4 43.Ke3 Bg2 44.Kd4 Bf1 45.Bb4 Be2 46.Kc5 Bf1 47.Kb6 Be2
48.Kxa6 Bf1 1/2-1/2

[Event "2022 WA Reserves Championship"]
[Site "Leeming, Perth WA"]
[Date "2022.06.19"]
[Round "5"]
[White "Plaganyi, Gyula"]
[Black "Cadag, Herbert"]
[Result "1/2-1/2"]
[WhiteElo "1843"]
[BlackElo "1759"]
[EventDate "2022.05.15"]

1.g3 d5 2.Bg2 Nf6 3.c4 d4 4.Nf3 Nc6 5.d3 e5 6.O-O Bc5 7.Nbd2 Bg4 8.h3 Bf5 
9.Nb3 Be7 10.Kh2 Qd7 11.Nh4 Be6 12.Bg5 h6 13.Bxf6 Bxf6 14.Nc5 Qc8 15.Nxe6 
Qxe6 16.Nf3 g5 17.Ng1 Ne7 18.Bxb7 Rb8 19.Bg2 O-O 20.Qa4 a6 21.b4 Bg7 22.
Rab1 f5 23.b5 axb5 24.Rxb5 Rbd8 25.Qa7 e4 26.Qxc7 Rc8 27.Qb6 Rc6 28.Qa5 
Ra6 29.Qd2 Be5 30.Qc2 Rfa8 31.Rb2 h5 32.Qc1 Qf6 33.Qb1 h4 34.Rc2 Bc7 35.
dxe4 hxg3+ 36.fxg3 Qd6 37.Qe1 Ra3 38.Rf3 Rxf3 39.Bxf3 g4 40.hxg4 f4 41.e5 
Qh6+ 42.Nh3 fxg3+ 43.Qxg3 Ng6 44.g5 Qh7 45.Bd5+ Kh8 46.Kg2 Bxe5 47.Qg4 
Nh4+ 48.Kg1 Rb8 49.Be4 Rb1+ 50.Kf2 Qf7+ 51.Bf3 Ng6 52.Qh5+ Qh7 53.Qxh7+ 
Kxh7 54.Be4 Kg7 55.Bxg6 Kxg6 56.Kg2 Rb4 57.c5 Ra4 58.c6 Bc7 59.Nf4+ Bxf4 
60.c7 Bxc7 61.Rxc7 Rxa2 62.Kf3 Kxg5 63.Re7 Kf5 64.Re8 Ra3+ 65.Kf2 Kf4 66.
Rf8+ Ke4 67.Re8+ Kd5 68.Rd8+ Kc4 69.Rc8+ Kb3 70.Kf3 Ra4 71.Ke4 Rc4 72.Ra8 
Kc3 73.Ra3+ Kc2 74.Rd3 Rc8 75.Rxd4 Re8+ 76.Kf3 Kc3 77.Ra4 Rf8+ 78.Rf4 Re8 
79.Re4 Rf8+ 80.Ke3 Rf7 81.Re6 Kc4 82.Ke4 Kc5 83.Ke5 Rf8 84.e4 Rh8 85.Rf6 
Re8+ 86.Re6 Rf8 87.Re7 Rh8 88.Rc7+ Kb6 89.Rf7 Rh5+ 90.Rf5 Rh4 91.Kd5 Kc7 
92.e5 Kd7 93.Rf7+ Ke8 94.e6 Rh1 95.Rf4 Ke7 96.Rf7+ Ke8 97.Ke5 Re1+ 98.Kf6 
Rf1+ 99.Kg7 Rg1+ 100.Kf6 Rf1+ 101.Kg7 Rg1+ 102.Kf6 Rf1+ 103.Kg7 1/2-1/2

[Event "2022 WA Reserves Championship"]
[Site "Leeming, Perth WA"]
[Date "2022.06.26"]
[Round "6"]
[White "Simonds, Marcus"]
[Black "Ramnat Umasankar, Naveen"]
[Result "1/2-1/2"]
[WhiteElo "1701"]
[BlackElo "1618"]
[EventDate "2022.05.15"]

1.e4 c6 2.d4 d5 3.Nc3 dxe4 4.Nxe4 Nf6 5.Nxf6+ exf6 6.c3 Bd6 7.Bd3 O-O 8.
Qc2 Re8+ 9.Ne2 h6 10.Bd2 Be6 11.O-O Nd7 12.b4 b6 13.c4 c5 14.bxc5 bxc5 15.
d5 Bg4 16.f3 Bh5 17.g4 Bg6 18.Bxg6 Rxe2 19.Bd3 Re8 20.f4 Qc7 21.Bf5 Re2 
22.Bd3 Ree8 23.Bf5 1/2-1/2

[Event "2022 WA Reserves Championship"]
[Site "Leeming, Perth WA"]
[Date "2022.06.26"]
[Round "6"]
[White "McAteer, Ian"]
[Black "Roebuck, Derek"]
[Result "1/2-1/2"]
[WhiteElo "1829"]
[BlackElo "1769"]
[EventDate "2022.05.15"]

1.d4 d5 2.Nc3 Nf6 3.Bf4 e6 4.Nb5 Bb4+ 5.c3 Ba5 6.e3 O-O 7.Bd3 c6 8.Nd6 Bc7
9.Nxc8 Bxf4 10.exf4 Qxc8 11.Qf3 c5 12.Ne2 cxd4 13.Nxd4 Nc6 14.Nxc6 bxc6 
15.O-O Qc7 16.Rfe1 Rfe8 17.Qg3 Rab8 18.b3 g6 19.Qh4 Qe7 20.g3 Nd7 21.Qxe7 
Rxe7 22.f3 Rbe8 23.Re2 1/2-1/2

[Event "2022 WA Reserves Championship"]
[Site "Leeming, Perth WA"]
[Date "2022.06.26"]
[Round "6"]
[White "Bonneville, Adam"]
[Black "Wu, Kobe"]
[Result "1-0"]
[WhiteElo "1084"]
[BlackElo "655"]
[EventDate "2022.05.15"]

1.e4 e5 2.Nf3 Nc6 3.Bb5 a6 4.Ba4 Nf6 5.O-O Bc5 6.c3 O-O 7.d4 exd4 8.cxd4 
Bb6 9.Nc3 d5 10.Bxc6 bxc6 11.Bg5 c5 12.e5 cxd4 13.Nxd4 Bg4 14.Qd2 Bxd4 15.
Qxd4 c5 16.Qf4 d4 17.exf6 gxf6 18.Bxf6 Qxf6 19.Qxf6 dxc3 20.Qg5+ Kh8 21.
Qxg4 Rg8 22.Qf3 cxb2 23.Rab1 Rab8 24.Qc3+ Rg7 25.Rxb2 Rd8 26.Rfb1 h6 27.
Rb8 Rg8 28.Rxg8+ Kxg8 29.Rb8+ Kh7 30.Rb7 h5 31.Qf3 Kg6 32.Qe4+ Kh6 33.Rb6+
Rg6 34.Rxg6+ fxg6 35.Qe3+ g5 36.h4 Kh7 37.hxg5 c4 38.Qe6 c3 39.Qh6+ Kg8 
40.g6 c2 41.Qh7+ Kf8 42.Qf7# 1-0

[Event "2022 WA Reserves Championship"]
[Site "Leeming, Perth WA"]
[Date "2022.06.26"]
[Round "6"]
[White "Gulley, Trent"]
[Black "Gao, Oscar"]
[Result "1-0"]
[WhiteElo "1492"]
[BlackElo "2017"]
[EventDate "2022.05.15"]

1.d4 d5 2.c4 c6 3.Nf3 Nf6 4.g3 e6 5.Bg2 Nbd7 6.O-O Bd6 7.Qc2 O-O 8.Nfd2 
Re8 9.Nc3 Bc7 10.e4 dxe4 11.Ndxe4 h6 12.Rd1 Nxe4 13.Nxe4 f5 14.Nc3 Nf6 15.
d5 cxd5 16.cxd5 e5 17.Be3 Bd6 18.Nb5 f4 19.Bxa7 e4 20.Nxd6 Qxd6 21.Bc5 Qb8
22.d6 Bg4 23.Re1 f3 24.Bf1 Qc8 25.Rac1 Bh3 26.Bc4+ Kh8 27.Bd4 Qf5 28.Bxf6 
gxf6 29.Qd2 Kg7 30.Qd5 Qg6 31.Qxb7+ Kh8 32.Bf7 Qh7 33.Rc7 Rab8 34.Qa7 e3 
35.Bxe8 exf2+ 36.Qxf2 Qd3 37.d7 1-0

[Event "2022 WA Reserves Championship"]
[Site "Leeming, Perth WA"]
[Date "2022.06.26"]
[Round "6"]
[White "Deng, Eric"]
[Black "Hernandez Mendez, Iker"]
[Result "0-1"]
[WhiteElo "1603"]
[BlackElo "1785"]
[EventDate "2022.05.15"]

1.e4 c5 2.Nf3 d6 3.d4 cxd4 4.Nxd4 Nf6 5.Nc3 g6 6.Be3 Bg7 7.Bc4 O-O 8.Qd2 
Ng4 9.O-O-O Nxe3 10.Qxe3 Nc6 11.Nde2 Na5 12.Bb3 Nxb3+ 13.axb3 Qa5 14.Kb1 
b5 15.Qg5 Ba6 16.f4 Bf6 17.Qg4 Bb7 18.Nd5 Bxd5 19.Rxd5 Rfc8 20.h4 e6 21.
Rxd6 Qb4 22.e5 Bxe5 23.Rd3 a5 24.Qg3 Bg7 25.h5 a4 0-1

[Event "2022 WA Reserves Championship"]
[Site "Leeming, Perth WA"]
[Date "2022.06.26"]
[Round "6"]
[White "Chen, Angus"]
[Black "Barry, David"]
[Result "0-1"]
[WhiteElo "1498"]
[BlackElo "1820"]
[EventDate "2022.05.15"]

1.e4 c5 2.Nf3 d6 3.d4 cxd4 4.Nxd4 Nf6 5.Nc3 a6 6.Be2 e5 7.Nb3 Be6 8.Be3 
Be7 9.Nd5 Nxd5 10.exd5 Bf5 11.O-O Nd7 12.Qd2 O-O 13.c4 Rc8 14.Na5 Qc7 15.
Rac1 Nc5 16.b4 Ne4 17.Qb2 Bg5 18.Bxg5 Nxg5 19.Nb3 h6 20.c5 Bd7 21.f3 Nh7 
22.Rfd1 Nf6 23.Qd2 Rfd8 24.Na5 Ba4 25.Re1 dxc5 26.Rxc5 Qd7 27.Rxc8 Rxc8 
28.d6 Rc2 29.Qe3 Qxd6 30.Nc4 Qxb4 31.Bd3 Rxc4 32.Bxc4 Qxc4 33.Qxe5 Bc6 34.
a3 Qb3 35.Qa5 Nd5 36.h3 Qc2 37.Rf1 Nf4 38.Rf2 Ne2+ 39.Kh2 Qd1 40.Rxe2 Qxe2
0-1

[Event "2022 WA Reserves Championship"]
[Site "Leeming, Perth WA"]
[Date "2022.06.26"]
[Round "6"]
[White "Cadag, Herbert"]
[Black "Milovanovic, Stevica"]
[Result "1-0"]
[WhiteElo "1759"]
[BlackElo "1497"]
[EventDate "2022.05.15"]

1.e4 d6 2.d4 Nf6 3.Bd3 c6 4.Ne2 e5 5.O-O Qc7 6.Kh1 Be6 7.f4 Bg4 8.c3 Be7 
9.h3 Bxe2 10.Qxe2 Nbd7 11.Nd2 O-O-O 12.b4 exf4 13.Rxf4 g6 14.b5 Nh5 15.Rf3
Bh4 16.Nf1 Rhf8 17.bxc6 Ndf6 18.cxb7+ Kb8 19.Be3 d5 20.Bg1 Bg5 21.e5 Nf4 
22.Rxf4 Bxf4 23.exf6 Rfe8 24.Qf3 Bd6 25.c4 dxc4 26.Rc1 Rd7 27.Rxc4 Qa5 28.
Qc6 Qc7 29.Qa4 Qxb7 30.Rc3 Qc8 1-0

[Event "2022 WA Reserves Championship"]
[Site "Leeming, Perth WA"]
[Date "2022.06.26"]
[Round "6"]
[White "Gunawan, Tjermin"]
[Black "King, David"]
[Result "1/2-1/2"]
[WhiteElo "1764"]
[BlackElo "1840"]
[EventDate "2022.05.15"]

1.d4 d5 2.Nf3 Nf6 3.e3 c6 4.Bd3 Bg4 5.O-O Nbd7 6.Nbd2 e6 7.b3 Bd6 8.Bb2 
O-O 9.Rc1 a5 10.c4 Bh5 11.Qc2 Bg6 12.e4 dxe4 13.Nxe4 Nxe4 14.Bxe4 Bxe4 15.
Qxe4 Nf6 16.Qh4 Qe7 17.c5 Bc7 18.Rfe1 Nd5 19.Qe4 a4 20.Ne5 Bxe5 21.dxe5 
axb3 22.axb3 Ra2 23.Bd4 Rfa8 24.Rc2 Qc7 25.g3 h6 26.Rxa2 Rxa2 27.Re2 Qa5 
28.Rxa2 Qxa2 29.Qd3 Qa3 30.Qc4 Kf8 31.Qc2 Qb4 32.Qd1 Kg8 33.Kg2 Ne7 34.Qd3
Nd5 35.Kg1 Nc7 36.Be3 Nd5 37.Bd4 Qb5 38.Qc2 Ne7 39.Qc3 Nf5 40.Be3 Qe2 41.
Bd2 Ne7 42.Qe3 Qb5 43.Qc3 Nd5 44.Qc2 h5 45.h4 g6 46.Bg5 Nb4 47.Qc3 Nd5 48.
Qc2 Qb4 49.Bd2 Qb5 50.Bg5 Kg7 51.Kg2 Qb4 52.Qd3 Qxc5 53.Qf3 Qd4 54.Bf6+ 
Nxf6 55.Qxf6+ Kg8 56.Kh3 Qd5 57.Kh2 Qxb3 58.Qd8+ Kg7 59.Qf6+ Kg8 60.Qd8+ 
Kh7 61.Qf6 Qb6 62.Qxf7+ Kh6 63.Qf8+ Kh7 64.Qf7+ Kh8 1/2-1/2

[Event "2022 WA Reserves Championship"]
[Site "Leeming, Perth WA"]
[Date "2022.06.26"]
[Round "6"]
[White "Patel, Jeel"]
[Black "Ong, Celine"]
[Result "1/2-1/2"]
[WhiteElo "1515"]
[BlackElo "1738"]
[EventDate "2022.05.15"]

1.e4 e5 2.Nf3 Nc6 3.Bc4 Nf6 4.d3 Bc5 5.Bg5 d6 6.h3 Be6 7.Bb3 Qd7 8.Nc3 h6 
9.Bxf6 gxf6 10.Nd5 Bxd5 11.Bxd5 Rg8 12.Nh4 Ne7 13.Qf3 Nxd5 14.exd5 O-O-O 
15.Qxf6 Qb5 16.O-O-O a5 17.Nf5 Rxg2 18.Ne7+ Kb8 19.Nc6+ bxc6 20.Qxd8+ Kb7 
21.Rhg1 Rxf2 22.Rdf1 Be3+ 23.Kb1 Bd4 24.dxc6+ Qxc6 25.Rxf2 Bxf2 26.Rf1 Qg2
27.Rc1 f5 28.Qd7 f4 29.Qg4 f3 30.Qe4+ Kb6 31.Qg4 Qxg4 32.hxg4 Be3 33.Rf1 
f2 34.c3 d5 35.Kc2 c5 36.b3 Kc6 37.Kd1 d4 38.c4 Kd6 39.Ke2 Ke6 40.Kf3 Kf6 
41.Rh1 Kg5 42.Rh5+ Kg6 43.Ke2 Kf6 44.Rf5+ Ke6 45.Rf8 Ke7 46.Rf5 Ke6 47.Rf8
Ke7 48.Rf5 1/2-1/2

[Event "2022 WA Reserves Championship"]
[Site "Leeming, Perth WA"]
[Date "2022.06.26"]
[Round "6"]
[White "Clarke, Daniel"]
[Black "Teh, Rui Gen"]
[Result "0-1"]
[WhiteElo "1739"]
[BlackElo "1675"]
[EventDate "2022.05.15"]

1.e4 d6 2.d4 Nf6 3.Nc3 g6 4.f4 Bg7 5.Nf3 c5 6.e5 dxe5 7.Bb5+ Bd7 8.dxe5 
Ng4 9.Ng5 O-O 10.h3 Nh6 11.Qf3 Bxb5 12.Nxb5 Qa5+ 13.Nc3 Nc6 14.Be3 Nd4 15.
Qf2 Nhf5 16.O-O-O b5 17.Kb1 Rfd8 18.Nf3 b4 19.Nxd4 cxd4 20.Bxd4 Nxd4 21.
Ne4 Ne6 22.g4 Rxd1+ 23.Rxd1 Rd8 24.Rg1 Qd5 25.Qf3 Nc5 26.Ng5 Qd4 27.Re1 h6
28.Ne4 Nxe4 0-1

[Event "2022 WA Reserves Championship"]
[Site "Leeming, Perth WA"]
[Date "2022.06.26"]
[Round "6"]
[White "Gough, Dylan"]
[Black "Rafiei Darani, Daryoush"]
[Result "1/2-1/2"]
[WhiteElo "1670"]
[BlackElo "1527"]
[EventDate "2022.05.15"]

1.Nf3 Nf6 2.c4 c6 3.Nc3 d5 4.e3 g6 5.cxd5 Nxd5 6.Bc4 e6 7.O-O Bg7 8.d4 O-O
9.a3 Nd7 10.Bd2 N7f6 11.Qc2 h6 12.Rad1 g5 13.Bd3 g4 14.Ne1 e5 15.dxe5 Nd7 
16.Nxd5 cxd5 17.f4 gxf3 18.Nxf3 Nxe5 19.Nxe5 Bxe5 20.Bc3 Bxc3 21.Qxc3 Bg4 
22.Rd2 Qg5 23.Rdf2 Rae8 24.Rf4 h5 25.Kh1 Qe5 26.Qb3 Qxe3 27.Qxd5 Re5 28.
Qc4 ( 28.Rxf7 $1 Rxd5 29.Rxf8+ Kg7 30.R1f7+ Kh6 31.Rh8+ Kg5 32.Rg8+ Kh4 
33.g3+ Kh3 34.Bf1# ) 28...Be6 29.Qd4 Qxd4 30.Rxd4 Kh8 31.Bc4 Bxc4 32.Rxc4 
Re2 33.Rb4 Rg8 34.Rg1 b6 35.Rb5 Kg7 36.Rxh5 Rxb2 1/2-1/2

[Event "2022 WA Reserves Championship"]
[Site "Leeming, Perth WA"]
[Date "2022.07.03"]
[Round "7"]
[White "Gunawan, Tjermin"]
[Black "Gulley, Trent"]
[Result "1/2-1/2"]
[WhiteElo "1764"]
[BlackElo "1492"]
[EventDate "2022.05.15"]

1.d4 Nf6 2.Nf3 g6 3.g3 Bg7 4.Bg2 O-O 5.O-O d6 6.c4 c6 7.Nc3 Bf5 8.Re1 Ne4 
9.Nd2 Nxc3 10.bxc3 Qa5 11.Qb3 Na6 12.e4 Bc8 13.Bb2 e5 14.Nf3 Be6 15.Ng5 
exd4 16.Nxe6 fxe6 17.cxd4 Qd2 18.Rf1 Bxd4 19.Bxd4 Qxd4 20.Rad1 Qc5 1/2-1/2